000
00325nam a22001457a 4500
003
SGT
020
_a
9788189128654
082
_b
SIN
100
_a
SINGLA ANU DR.
245
_a
FORENSIC SCIENCE UGC NET/ JRF MCQS
250
_a
3RD
260
_b
SELECTIVE & SCIENTIFIC BOOKS
_c
2017
300
_a
523
942
_2
ddc
_c
BK
_0
155
999
_c
16497
_d
16497